Find That Movie! V Quiz Stats

 Plays Quiz Updated Jun 14, 2017

Support Sporcle.
Go Orange.
Score 0/20 Timer 08:00
0 Plays Today
% Correct
Correct! A is Ted
98.8%
Correct! D The Hunt for Red October
82.7%
Correct! C is Get Out
78%
Correct! C is The Umbrellas of Cherbourg
76.7%
Correct! A is A Bug's Life
76.1%
Correct! D is White Men Can't Jump
75.3%
Correct! B is The Shawshank Redemption
74.5%
Correct! D is Back to the Future 2
71.6%
Correct! C is Australia
71.6%
Correct! A is True Grit
66.9%
% Correct
Correct! D is Amy
64.3%
Correct! C is X-Men Origins: Wolverine
60.5%
Correct! D is Pride & Prejudice
57.7%
Correct! A is Dragonheart
56.7%
Correct! C is Bullitt
51.5%
Correct! D is Four Weddings and a Funeral
48.5%
Correct! C is The Adventures of Robin Hood
47.1%
Correct! B is The Exorcist
46.4%
Correct! C is Sleepy Hollow
36%
Correct! A is Elizabeth
25%

You're not logged in!

Compare scores with friends on all Sporcle quizzes.
OR
Log In
Forgot?

From the Vault

Rubeus Hagrid, This Is Your Life

by WalshyMusic

We're trying to put his biography together here.
Remove Ads.
Support Sporcle.
Get the best of Sporcle when you Go Orange. This ad-free experience offers more features, more stats, and more fun while also helping to support Sporcle. Thank you for becoming a member.

Show Comments

Extras

Top Quizzes Today


Score Distribution

Your Account Isn't Verified!

In order to create a playlist on Sporcle, you need to verify the email address you used during registration. Go to your Sporcle Settings to finish the process.

Report this User

Report this user for behavior that violates our Community Guidelines.

Details: